| 000 | 01001nam1a22002651i 4500 | ||
|---|---|---|---|
| 001 | RU\INFOCOMM_322\NLR\5000095129 | ||
| 005 | 20240724174015.0 | ||
| 010 | _915000 экз. | ||
| 035 | _a(NLR Aleph) 009535454 | ||
| 090 |
_a8913247 _c8913247 |
||
| 100 | _a20121207d1932 |||y0rusy50 ba | ||
| 101 | 0 | _ager | |
| 102 | _aRU | ||
| 105 | _ay z ||||| | ||
| 200 | 1 |
_a... Russisch für deutsche Arbeiter _eFernunterricht _fZusammengestellt und bearbeitet von W. N. Klujewa _gRed.: L. I. Basilewitsch |
|
| 210 |
_aMoskau _cVerlagsgenossenschaft ausländischer Arbeiter in der UdSSR _d1932 _eЛенинград _gтип. "Коминтерн" |
||
| 215 | _d21×15 см | ||
| 300 | _aНа 4 с. обл.: "Русский язык для немецких рабочих" | ||
| 620 | _aМосква | ||
| 700 | 1 |
_9z01790 _aKljueva _bV. N. _f1894-1964 _gVera Nikolaevna |
|
| 790 | 1 |
_9z01700 _aKlujewa _bW. N. _4070 |
|
| 801 | 1 |
_aRU _bNLR _c20121207 |
|
| 801 | 0 |
_aRU _bINFOCOMM _gPSBO |
|
| 852 |
_aNLR _jD17/24-2 |
||
| 942 | _cBOOK | ||